| 000 | 00540cab a2200205 4500 | ||
|---|---|---|---|
| 001 | WB3228-23 | ||
| 008 | 090401t1996 xxu||||| |||| 00| 0 eng d | ||
| 035 | _a(Sirsi) u56430 | ||
| 041 | _aeng | ||
| 245 | _aEmpty homes | ||
| 260 | _c1996 | ||
| 350 | _a0 | ||
| 490 |
_aDoE News Release _v(321) 18 July 1996, (4) |
||
| 520 | _aFigures reveal that the number of empty homes in the civil estate has fallen by nearly 40%. | ||
| 650 | _aCIVIL ESTATE | ||
| 650 | _aEMPTY HOMES | ||
| 690 | _aHOUSING | ||
| 942 | _n0 | ||
| 948 | _c04/03/1997 | ||
| 999 |
_c34411 _d34411 |
||